Zbierka úloh z vyššej matematiky

Guardado en:
Detalles Bibliográficos
Autor principal: Eliáš, Jozef
Otros Autores: Horváth, Ján, Kajan, Juraj
Formato: Libro
Lenguaje:eslovaco
Publicado: Bratislava Slovenské vydavateľstvo technickej literatúry 1965
Colección:Edícia teoretickej literatúry
Materias:
Etiquetas: Agregar Etiqueta
Sin Etiquetas, Sea el primero en etiquetar este registro!

MARC

LEADER 00000nam a2200000 4500
001 0069739
005 20080125100844.1
041 0 |a slo 
044 |a SK 
245 1 0 |a Zbierka úloh z vyššej matematiky  |c Jozef Eliáš - Ján Horváth - Juraj Kajan 
264 1 |a Bratislava  |b Slovenské vydavateľstvo technickej literatúry  |c 1965 
300 |a 287 s. 
490 1 |a Edícia teoretickej literatúry 
830 0 |a Edícia teoretickej literatúry 
610 2 0 |a matematika 
610 2 0 |a školy vysoké 
100 1 |a Eliáš, Jozef 
700 1 |a Horváth, Ján 
700 1 |a Kajan, Juraj